Detalles MARC
| 000 -CABECERA |
| Longitud fija campo de control |
01253nam a2200361 c 4500 |
| 001 - NÚMERO DE CONTROL |
| Número de control |
49574 |
| 003 - IDENTIFICADOR DE NÚMERO DE CONTROL |
| Identificador del número de control |
ES-MaCES |
| 005 - FECHA Y HORA DE LA ÚLTIMA TRANSACCIÓN |
| Fecha y hora de la última transacción |
20170627125819.0 |
| 008 - CAMPO FIJO DE DESCRIPCIÓN FIJA--INFORMACIÓN GENERAL |
| Códigos de información de longitud fija |
170627s2017 sp 000 | spa d |
| 017 ## - NÚMERO DE REGISTRO DE DERECHOS DE AUTOR Y DEPÓSITO LEGAL |
| Número de copyright o de depósito legal |
M 13411-2017 |
| Agencia que asigna el número |
DL |
| 020 ## - ISBN (INTERNATIONAL STANDARD BOOK NUMBER) |
| Número Internacional Normalizado para Libros (ISBN) |
9788417009212 |
| 040 ## - FUENTE DE CATALOGACIÓN |
| Centro catalogador de origen |
ES-MaCES |
| Lengua de catalogación |
spa |
| Centro transcriptor |
ES-MaCES |
| 245 00 - MENCIÓN DE TÍTULO |
| Título |
Ley de la jurisdicción social |
| Resto del título |
: esquemas procesales y 338 cuestiones prácticas |
| Mención de responsabilidad, etc. |
coord. y pr., Concepción Morales Vállez |
| 260 ## - PUBLICACIÓN, DISTRIBUCIÓN, ETC (PIE DE IMPRENTA) |
| Lugar de publicación, distribución, etc. |
Las Rozas (Madrid) |
| Nombre del editor, distribuidor, etc. |
Sepin |
| Fecha de publicación, distribución, etc. |
[2017] |
| 300 ## - DESCRIPCIÓN FÍSICA |
| Extensión |
250 p. |
| Dimensiones |
27 cm |
| 541 ## - NOTA DE LA FUENTE INMEDIANTE DE ADQUISICIÓN |
| Forma de adquisición |
Compra |
| 610 14 - ASIENTO SECUNDARIO DE MATERIA--NOMBRE CORPORATIVO |
| Nombre de entidad corporativa o nombre de jurisdicción como elemento inicial |
España |
| Título de la obra |
Ley reguladora de la jurisdicción social |
| Fecha del congreso o de la firma de un tratado |
2011 |
| 9 (RLIN) |
3199 |
| 650 #4 - ASIENTO SECUNDARIO DE MATERIA--TÉRMINO DE MATERIA |
| Término de materia o nombre geográfico como elemento inicial |
legislación del trabajo |
| 9 (RLIN) |
27166 |
| 650 #4 - ASIENTO SECUNDARIO DE MATERIA--TÉRMINO DE MATERIA |
| Término de materia o nombre geográfico como elemento inicial |
legislación de seguridad social |
| 9 (RLIN) |
29855 |
| 650 #4 - ASIENTO SECUNDARIO DE MATERIA--TÉRMINO DE MATERIA |
| Término de materia o nombre geográfico como elemento inicial |
procedimiento laboral |
| 9 (RLIN) |
30887 |
| 650 #4 - ASIENTO SECUNDARIO DE MATERIA--TÉRMINO DE MATERIA |
| Término de materia o nombre geográfico como elemento inicial |
derecho del trabajo |
| 9 (RLIN) |
27165 |
| 650 #4 - ASIENTO SECUNDARIO DE MATERIA--TÉRMINO DE MATERIA |
| Término de materia o nombre geográfico como elemento inicial |
sentencia judicial |
| 9 (RLIN) |
29888 |
| 650 #4 - ASIENTO SECUNDARIO DE MATERIA--TÉRMINO DE MATERIA |
| Término de materia o nombre geográfico como elemento inicial |
doctrina jurídica |
| 9 (RLIN) |
30888 |
| 650 #4 - ASIENTO SECUNDARIO DE MATERIA--TÉRMINO DE MATERIA |
| Término de materia o nombre geográfico como elemento inicial |
España |
| 9 (RLIN) |
26964 |
| 650 #4 - ASIENTO SECUNDARIO DE MATERIA--TÉRMINO DE MATERIA |
| Término de materia o nombre geográfico como elemento inicial |
2011 |
| 9 (RLIN) |
31999 |
| 650 #4 - ASIENTO SECUNDARIO DE MATERIA--TÉRMINO DE MATERIA |
| Término de materia o nombre geográfico como elemento inicial |
texto |
| 9 (RLIN) |
29624 |
| 650 #4 - ASIENTO SECUNDARIO DE MATERIA--TÉRMINO DE MATERIA |
| Término de materia o nombre geográfico como elemento inicial |
comentario |
| 9 (RLIN) |
28971 |
| 653 10 - TÉRMINO DE INDEXACIÓN--NO CONTROLADO |
| Término no controlado |
Derecho del trabajo y Seguridad Social |
| 700 1# - ENCABEZAMIENTO SECUNDARIO--NOMBRE PERSONAL |
| Nombre de persona |
Morales Vállez, Concepción |
| 9 (RLIN) |
38313 |
| 710 1# - ENCABEZAMIENTO SECUNDARIO--NOMBRE CORPORATIVO |
| Nombre de entidad o nombre de jurisdicción como elemento inicial |
España |
| Título de la obra |
Ley reguladora de la jurisdicción social |
| Fecha del congreso o de la firma de un tratado |
2011 |
| 9 (RLIN) |
3199 |
| 902 ## - CES. TIPO DE DOCUMENTO |
| Tipodoc (006$c Sirtex) |
LIB Libro |
| 942 ## - ELEMENTOS KOHA |
| Fuente de clasificaión o esquema |
Clasificación propia del CES |
| Koha [por defecto] tipo de item |
Monografías |
| Parte de clasificación |
Derecho del Trabajo y Seguridad Social |